000 00307nam a22001217a 4500
008 160505b xxu||||| |||| 00| 0 eng d
020 _a9780766850118
020 _a0766850110
041 _aeng
080 _a61
245 _aHealth assessment physical examination:
_cMary Ellen;Zator Estes;
942 _2udc
_cBK
999 _c1830
_d1830